Normal view
MARC view
Entry Topical Term
001 - CONTROL NUMBER
- control field: 438366
003 - CONTROL NUMBER IDENTIFIER
- control field:
005 - DATE AND TIME OF LATEST TRANSACTION
- control field: 20210602125641.0
008 - FIXED-LENGTH DATA ELEMENTS
- fixed length control field: 210602|| aca||aabn | a|a d
040 ## - CATALOGING SOURCE
- Original cataloging agency:
- Transcribing agency:
150 ## - HEADING--TOPICAL TERM
- Topical term or geographic name entry element: God
- General subdivision: Name
- General subdivision: Biblical teaching
670 ## - SOURCE DATA FOUND
- Source citation: Work cat.: (): Parke-Taylor, Geoffrey H., 1920- 438365, (Yehovah) =, c1975
